000 00306cam a2200121ua 4500
082 _a660.2
_bGRE/PE
100 _aGreen, Don W .
_91260
245 _aPerry`s chemical engineer`s handbook /
250 _a1 /
260 _aNew York :
_bMcGraw Hill Book Company ,
_c1982.
300 _a2210 ; .
942 _cBK
999 _c6746
_d6746